How to make money in stocks : (Record no. 3687)

MARC details
000 -LEADER
fixed length control field 02140cam a2200205Ia 4500
020 ## - INTERNATIONAL STANDARD BOOK NUMBER
ISBN 9780071614139
020 ## - INTERNATIONAL STANDARD BOOK NUMBER
ISBN 0071614133
050 #4 - CALL NUMBER
Classification number HG4521
Item number .O515
100 1# - AUTHOR
Personal name O'Neil, William J.
245 10 - TITLE
Title How to make money in stocks :
Remainder of title a winning system in good times or bad /
Statement of responsibility, etc William J. O'Neil.
250 ## - EDITION
Edition statement 4th ed.
260 ## - PUBLICATION INFORMATION
Place of publication New York :
Name of publisher McGraw-Hill,
Year of publication c2009.
300 ## - DESCRIPTION
Number of Pages vi, 454 p. :
Other physical details charts ;
Dimensions 23 cm.
500 ## - NOTES
General note Previous ed.: New York: McGraw-Hill, 2002.
500 ## - NOTES
General note Includes index.
505 ## - FORMATTED CONTENTS NOTE
Table of Content Preface ix Part I:A Winning System: CAN SLIM (TM)Introduction: Learning From the Greatest WinnersCHAPTER 1: C = Current Quarterly Earnings per Share: The Higher the Better CHAPTER 2: A = Annual Earnings Increases: Look for SignificantGrowth CHAPTER 3: N = New Products, New Management, New Highs:Buying at the Right Time CHAPTER 4: S = Supply and Demand: Shares Outstanding PlusBig Volume Demand CHAPTER 5: L = Leader or Laggard: Which Is Your Stock? CHAPTER 6: I = Institutional Sponsorship: Follow the Leaders CHAPTER 7: M = Market Direction: How to Determine It Part II:Be Smart From the StartCHAPTER 8: Nineteen Common Mistakes Most Investors Make CHAPTER 9: When to Sell and Cut Your Losses CHAPTER 10: When to Sell and Take Your Profit CHAPTER 11: Should You Diversify, Invest for the Long Haul,Buy on Margin, Sell Short, Etc.?CHAPTER 12: How to Read Charts Like an Expert and Improve YourStock Picks and Timing Part III:Investing Like a ProfessionalCHAPTER 13: Models of the Greatest Stock Market Winners: 1952-2001 CHAPTER 14: How to Find Winning Stocks Using Investor's Business Daily CHAPTER 15: How to Pick the Best Market Sectors, Industry Groups,and Subgroups CHAPTER 16: The Art of Tape Reading: Analyzing and Reacting to News CHAPTER 17: Should You Buy Options, Nasdaq Stocks, New Issues,Convertible Bonds, Tax Shelters, Foreign Stocks?CHAPTER 18: How You Could Make a Million Dollars Owning Mutual Funds CHAPTER 19: Improving Management of Pension and InstitutionalPortfolios CHAPTER 20: Important Guidelines to RememberSuccess Stories Index
650 #0 - SUBJECTS
Topical Term Investments.
650 #0 - SUBJECTS
Topical Term Stocks.
942 ## - ADDED ENTRY ELEMENTS (KOHA)
Koha item type Books
Holdings
Withdrawn status Lost status Collection code Home library Current library Shelving location Date acquired Full call number Accession Number Koha item type
    Reference Methodist University Library Main Methodist University Library Main General Stacks 11/04/2015 HG4521 .O515 1274 Books
Copyright © 2026  MUG Library